LEADER 00910nam a2200217 i 4500 001 000000211051 003 CaOOAMICUS 005 20250320141126.0 008 160411s1770 xx u000 u lat u 013 $a189864 026 $ao-u- r.,& rea- nedu (3) 1770 (R) 040 $aSeMil$bita 245 10$aTomus 1. 300 $aXLIV, 356 p., [1] carta di tav. :$bantip. 500 $aSegn.: a-d4 e6 A-2V4 2X6 500 $aFront. stampato in rosso e nero 773 0 $aLe Brun, Pierre <1661-1719>$tExplicatio litteralis, historica, et dogmatica precum, et caerimoniarum Missae ab ad M. R.P. Petro Le Brun ... gallice jam edita; nunc vero a rev. et excell. Joanne Antonio Dalmaso ... latine reddita.$g1$w()33113 850 $aSeMil 852 $aSeMil$W1$xVenegono$y1$m3K V 64 FA$j161498$B161498$CSeMilBibl$Z2$F172631 $8I 996 $6245$aTomus 1$9(OLS)http://semarc/title/47282 LEADER 01026nam a2200253 i 4500 001 000000207773 003 CaOOAMICUS 005 20210713170718.0 008 111105s1966 it u000 u ita u 013 $a186556 040 $aSeMil$bita 100 1 $aThiess, Frank.$0(OLS)http://semarc/name/60531 245 10$aTsushima :$bil romanzo di una guerra navale /$cFrank Thiess. 264 1$aTorino :$bEinaudi,$c1966. 300 $a400 p., [21] p. di tav., [7] grafici ;$c22 cm. 490 1 $aSaggi ;$v25 650 4$aGuerra russo-giapponese <1904-1905>.$0(OLS)http://semarc/subject/28739 650 4$aBattaglia di Tsushima <1905>.$0(OLS)http://semarc/subject/38995 830 0$aSaggi ;$v25.$0(OLS)http://semarc/title/341 850 $aSeMil 852 $aSeMil$W1$xVenegono$y1$m3U IV 168$j158232$B158232$CSeMilBibl$Z2$F169451 $81 996 $6245$aTsushima :$bil romanzo di una guerra navale$9(OLS)http://semarc/title/300430 996 $6264$aTorino :$bEinaudi$9(OLS)http://semarc/publisher/29884